000 00292nam a22001337a 4500
008 170808b xxu||||| |||| 00| 0 eng d
020 _a9780072263442
041 _aeng
080 _22ND
_a004
100 _a34
101 _aSHK
245 _a3G WIRELESS NETWORKS
_cSMITH,C
942 _2udc
_cBK
999 _c22887
_d22887